000 00770nas a2200289 4500
001 BR0600695
003 BR-BrBNA
005 20231205105832.0
007 ta
008 230509b bl.|||p| |||| 00| 00por d
040 _aBR-BrBNA
_bpor
_cBiblioteca Nacional de Agricultura
041 _a(Pt)
072 _aE70
100 1 _aAriente, M.
100 1 _aGiuliani, A.C.
100 1 _aPizzinatto, N.K.
100 1 _aSpeers, E.E.
245 1 _aPara entender o agronegócio
650 _aAGRONEGÓCIO
650 _aINSUMO
650 _aCOMERCIALIZAÇÃO
650 _aOFERTA
650 _aDEMANDA
773 0 _tAgroanalysis (Brazil)
_xISSN 0100-4298
_g(Dec 2005), v. 25(12) p. 21
_wBR0600695
909 _a202311
_bLúcia
_c55
_dLúcia Elande
942 _2AGRIS
_n0
_cANA
999 _c184917
_d184917